000 00396ntaaa2200169 4500
003 01
005 20251027201818.0
008 0714s1973 ag 01
040 _aAR-BaBN
_bspa
_cAR-BaBN
_eaacr
_dRIC
082 _a244.0000 B17
100 _aBaker, Louise
_916585
245 _aOut on a limb
250 _a1 ed.
260 _aNew York :
_bWhittlesey House,
_cc1946
300 _a213 p
942 _cBK
999 _c12812
_d12812